<?xml version="1.0" encoding="UTF-8"?>
<record
    xmlns:xsi="http://www.w3.org/2001/XMLSchema-instance"
    xsi:schemaLocation="http://www.loc.gov/MARC21/slim http://www.loc.gov/standards/marcxml/schema/MARC21slim.xsd"
    xmlns="http://www.loc.gov/MARC21/slim">

  <leader>00727nam a2200253Ia 4500</leader>
  <controlfield tag="003">OSt</controlfield>
  <controlfield tag="005">20221005072904.0</controlfield>
  <controlfield tag="006">a|||||r|||| 00| 0 </controlfield>
  <controlfield tag="007">ta</controlfield>
  <controlfield tag="008">221004b        |||||||| |||| 00| 0 urd d</controlfield>
  <datafield tag="020" ind1=" " ind2=" ">
    <subfield code="c">INR 500.00</subfield>
  </datafield>
  <datafield tag="024" ind1=" " ind2=" ">
    <subfield code="a">65879</subfield>
  </datafield>
  <datafield tag="037" ind1=" " ind2=" ">
    <subfield code="b">2378, 19/02/2020, M.R.Publications</subfield>
    <subfield code="c">Textual</subfield>
  </datafield>
  <datafield tag="040" ind1=" " ind2=" ">
    <subfield code="a">CRL</subfield>
    <subfield code="c">CRL</subfield>
    <subfield code="b">urd</subfield>
  </datafield>
  <datafield tag="041" ind1=" " ind2=" ">
    <subfield code="2">urd</subfield>
    <subfield code="a">urd</subfield>
  </datafield>
  <datafield tag="082" ind1=" " ind2=" ">
    <subfield code="a">O168,1G53:g, Q7</subfield>
  </datafield>
  <datafield tag="100" ind1=" " ind2=" ">
    <subfield code="a">Argali Farooq Co.</subfield>
  </datafield>
  <datafield tag="245" ind1=" " ind2="0">
    <subfield code="a">Jahan-e-Khusro</subfield>
  </datafield>
  <datafield tag="260" ind1=" " ind2=" ">
    <subfield code="a">New Delhi</subfield>
    <subfield code="b">Farid book depot India    </subfield>
    <subfield code="c">2017</subfield>
  </datafield>
  <datafield tag="300" ind1=" " ind2=" ">
    <subfield code="a">931p.</subfield>
    <subfield code="c">cm.</subfield>
  </datafield>
  <datafield tag="650" ind1=" " ind2=" ">
    <subfield code="a">URDU POETRY</subfield>
  </datafield>
  <datafield tag="942" ind1=" " ind2=" ">
    <subfield code="h">O168,1G53:g, Q7</subfield>
    <subfield code="c">TEXL</subfield>
    <subfield code="2">cc</subfield>
  </datafield>
  <datafield tag="999" ind1=" " ind2=" ">
    <subfield code="c">980223</subfield>
    <subfield code="d">980223</subfield>
  </datafield>
  <datafield tag="952" ind1=" " ind2=" ">
    <subfield code="0">0</subfield>
    <subfield code="1">0</subfield>
    <subfield code="4">0</subfield>
    <subfield code="7">0</subfield>
    <subfield code="a">CRL</subfield>
    <subfield code="b">CRL</subfield>
    <subfield code="d">2022-10-05</subfield>
    <subfield code="e">2378, 19/02/2020, M.R.Publications</subfield>
    <subfield code="l">1</subfield>
    <subfield code="o">O168,1G53:g Q7</subfield>
    <subfield code="p">CL1662809</subfield>
    <subfield code="q">2022-02-16</subfield>
    <subfield code="r">2026-01-07 11:48:00</subfield>
    <subfield code="s">2026-01-07</subfield>
    <subfield code="w">2022-10-05</subfield>
    <subfield code="y">TEXL</subfield>
  </datafield>
</record>
